Präventionsarbeit gegen Islamismus

Saved in:  
Bibliographic Details
Main Author: Oehlmann, Jamuna (Author)
Format: Print Article
Language:German
Published: 2025
In: Aus Politik und Zeitgeschichte
Year: 2025, Volume: 75, Issue: 16/19, Pages: 35-40
Check availability: HBZ Gateway
Keywords:

MARC

LEADER 00000naa a2200000 c 4500
001 1927849225
003 DE-627
005 20250610090230.0
007 tu
008 250610s2025 xx ||||| 00| ||ger c
035 |a (DE-627)1927849225 
035 |a (DE-599)KXP1927849225 
040 |a DE-627  |b ger  |c DE-627  |e rda 
041 |a ger 
084 |a 2,1  |2 ssgn 
100 1 |a Oehlmann, Jamuna  |e VerfasserIn  |0 (DE-588)1206376635  |0 (DE-627)1692386212  |4 aut 
109 |a Oehlmann, Jamuna 
245 1 0 |a Präventionsarbeit gegen Islamismus  |c Jamuna Oehlmann 
264 1 |c 2025 
336 |a Text  |b txt  |2 rdacontent 
337 |a ohne Hilfsmittel zu benutzen  |b n  |2 rdamedia 
338 |a Band  |b nc  |2 rdacarrier 
650 4 |a Islamismus  |7 (dpeaa)DE-21/25-fid2,1 
650 4 |a Präventionsarbeit  |7 (dpeaa)DE-21/25-fid2,1 
650 4 |a Historische Entwicklung  |7 (dpeaa)DE-21/25-fid2,1 
650 4 |a Extremismus  |7 (dpeaa)DE-21/25-fid2,1 
650 4 |a Gesellschaft  |7 (dpeaa)DE-21/25-fid2,1 
773 0 8 |i Enthalten in  |t Aus Politik und Zeitgeschichte  |d Bonn : Bundeszentrale für Politische Bildung, 1953  |g 75(2025), 16/19, Seite 35-40  |w (DE-627)12930347X  |w (DE-600)123630-1  |w (DE-576)014497662  |x 0479-611X  |7 nnas 
773 1 8 |g volume:75  |g year:2025  |g number:16/19  |g pages:35-40 
951 |a AR 
ELC |b 1 
LOK |0 000 xxxxxcx a22 zn 4500 
LOK |0 001 4732804918 
LOK |0 003 DE-627 
LOK |0 004 1927849225 
LOK |0 005 20250610090230 
LOK |0 008 250610||||||||||||||||ger||||||| 
LOK |0 040   |a DE-21-110  |c DE-627  |d DE-21-110 
LOK |0 852   |a DE-21-110 
LOK |0 852 1  |m p  |9 00 
LOK |0 938   |k p 
LOK |0 939   |a 10-06-25  |b l01 
ORI |a SA-MARC-krimdoka001.raw